Wheat and tares / (Record no. 8999)

MARC details
000 -LEADER
fixed length control field 00528nam a22001937a 4500
003 - CONTROL NUMBER IDENTIFIER
control field GBCCL
005 - DATE AND TIME OF LATEST TRANSACTION
control field 20241126110703.0
008 - FIXED-LENGTH DATA ELEMENTS--GENERAL INFORMATION
fixed length control field 220215b ||||| |||| 00| 0 eng d
040 ## - CATALOGING SOURCE
Transcribing agency gbc
082 ## - DEWEY DECIMAL CLASSIFICATION NUMBER
Classification number 236
Item number CAM
100 ## - MAIN ENTRY--PERSONAL NAME
Personal name Camping, Harold
9 (RLIN) 15334
245 ## - TITLE STATEMENT
Title Wheat and tares /
Statement of responsibility, etc. Harold Camping.
260 ## - PUBLICATION, DISTRIBUTION, ETC.
Place of publication, distribution, etc. [Oakland, Calif.] :
Name of publisher, distributor, etc. [Family Stations],
Date of publication, distribution, etc. [2003]
300 ## - PHYSICAL DESCRIPTION
Extent 120 pages ;
Other physical details 28 cm
650 ## - SUBJECT ADDED ENTRY--TOPICAL TERM
Topical term or geographic name entry element Eschatology.
9 (RLIN) 2009
650 ## - SUBJECT ADDED ENTRY--TOPICAL TERM
Topical term or geographic name entry element End of the world.
9 (RLIN) 2039
650 ## - SUBJECT ADDED ENTRY--TOPICAL TERM
Topical term or geographic name entry element Judgment Day.
9 (RLIN) 1548
942 ## - ADDED ENTRY ELEMENTS (KOHA)
Source of classification or shelving scheme Dewey Decimal Classification
Koha item type Books
Holdings
Withdrawn status Lost status Source of classification or shelving scheme Damaged status Not for loan Home library Current Library Shelving location Date acquired Total checkouts Full call number Barcode Date last seen Copy number Price effective from Koha item type
    Dewey Decimal Classification     GRACE BIBLE COLLEGE GRACE BIBLE COLLEGE Theology 2022-02-15   236 CAM 005425 2025-05-01 c.1 2022-02-15 Books
© Grace Bible College Library 2025